|
|
|
|
| LEADER |
00000nam a22000007a 4500 |
| 008 |
190225b1998 m ||||| |||| 00| 0 spa d |
| 999 |
|
|
|c 3664
|d 3664
|
| 020 |
|
|
|a 9682437628
|
| 090 |
|
|
|a 06.03.06
|b 2528
|
| 100 |
|
|
|9 4481
|a Hirsch Adler, Ana
|
| 245 |
1 |
0 |
|a Investigación superior: Universidad y formación de profesores /
|c Ana Hirsch Adler
|
| 250 |
|
|
|a Segunda edición, 1985
|
| 260 |
|
|
|a México :
|b Trillas,
|c reimpresión, 1998
|
| 300 |
|
|
|a 147 páginas
|
| 650 |
1 |
4 |
|9 8
|a EDUCACIÓN SUPERIOR
|
| 650 |
1 |
4 |
|9 9
|a FORMACIÓN DE DOCENTES
|
| 650 |
1 |
4 |
|9 3925
|a EVALUACIÓN DEL DOCENTE
|
| 650 |
1 |
4 |
|9 1770
|a PEDAGOGÍA
|
| 650 |
1 |
4 |
|9 163
|a INVESTIGACIÓN
|
| 942 |
|
|
|i 004549
|h 06.03.06 2528
|2 z
|c 01
|